| 000 | 00963cam a2200253 a 4500 | ||
|---|---|---|---|
| 999 |
_c126747 _d126747 |
||
| 001 | 1615605 | ||
| 003 | ARRUPE | ||
| 005 | 20170824092520.0 | ||
| 008 | 950525s1995 mau 000 0 eng | ||
| 010 | _a 95021264 | ||
| 020 | _a1561011185 (pbk. : alk. paper) | ||
| 040 |
_aDLC _cDLC _dDLC |
||
| 050 | 0 | 0 |
_aBV4211.2 _b.S365 1995 |
| 082 | 0 | 0 |
_a251 _220 |
| 100 | 1 |
_aSchlafer, David J., _d1944- _935144 |
|
| 245 | 1 | 0 |
_aYour way with God's word : _bdiscovering your distinctive preaching voice / _cDavid J. Schlafer. |
| 260 |
_aCambridge, Mass. : _bCowley Publications, _cc1995. |
||
| 300 |
_axvi, 142 p. ; _c23 cm. |
||
| 650 | 0 |
_aPreaching. _935145 |
|
| 650 | 0 |
_aPublic speaking _xReligious aspects _xChristianity. _935146 |
|
| 906 |
_a7 _bcbc _corignew _d1 _eocip _f19 _gy-gencatlg |
||
| 942 |
_2lcc _cMONOGRAPH |
||